| 000 | 00361nam a2200157Ia 4500 | ||
|---|---|---|---|
| 100 | _aElmasri/Ramez/ Carrick/G | ||
| 650 | _aOperating system | ||
| 942 | _cBK | ||
| 366 | _f20 | ||
| 245 | _aOperating system:Spiral approach | ||
| 260 |
_bTata Mc Graw hill Ltd. _c2010 |
||
| 082 |
_a5.43 _bELM |
||
| 300 | _a526 | ||
| 546 |
_aENGLISH _cComputers |
||
| 999 |
_c32491 _d32491 |
||